000
00177 a2200097 4500
020
_a
9781609921859
041
_a
spa
100
_a
Bingham, Jane
245
_a
Tristeza
942
_c
BK
999
_c
8998
_d
8998